00280nam a2200109Ia 4500008004100000100001800041245003800059260003500097260000900132546001200141999001700153170619s9999 xx 000 0 und d aAswathappa- K 0aEssential of business environment bNew Delhi Himalaya Publication c2006 aENGLISH c22233d22233